Every Type of Bending in Avatar - Statistics

General Stats
  • This quiz has been taken 186 times
  • The average score is 11 of 15
Answer Stats
Hint Answer % Correct
Core Bending Airbending
95%
Specialty (Water) Bloodbending
95%
Core Bending Earthbending
95%
Core Bending Firebending
95%
Specialty (Earth) Metalbending
95%
Core Bending Waterbending
95%
Specialty (Fire) Lightning Bending
89%
Specialty (Earth) Lavabending
77%
Specific "Bending" (Korra) Spirit Bending
75%
Specialty (Water) Healing
72%
Specialty (Earth) Sandbending
66%
Specific "Bending" (Aang) Energy Bending
61%
Specialty (Fire) Combustion Bending
58%
Specialty (Water) Vinebending
39%
Specific "Bending" (Jinora) (SP) Spiritual Projection
28%
No matching quizzes found
Score Distribution
Percent of People with Each Score
Percentile by Number Answered
Your Score History
You have not taken this quiz